| 000 | 00992nam a2200277 i 4500 | ||
|---|---|---|---|
| 001 | 55564 | ||
| 003 | ES-MaACL | ||
| 005 | 20250703063102.0 | ||
| 007 | t| | ||
| 008 | 030923s1986 fr ||||1| fre d | ||
| 020 | _a2-213-01699-2 | ||
| 100 | 1 |
_aDescartes, René, _d1596-1650 _943838 |
|
| 245 | 1 | 0 |
_aDiscours de la méthode... plus la dioptrique, les meteores et la géométrie / _c[Descartes] ; texte revu par Jean-Robert Armogathe et Vincent Carraud. |
| 260 |
_a[S.l.] : _bFayard, _c[1986] |
||
| 300 |
_a476 p. : _bil. ; _c23 cm. |
||
| 490 | 1 | _aCorpus des oeuvres de philosophie en langue française | |
| 500 | _aReprod. facs. de la 1ª ed. de: Leyden, 1637. | ||
| 500 | _aIndices. | ||
| 655 | 7 |
_2tgfbne _9226495 _aFacsímiles |
|
| 700 | 1 |
_aArmogathe, Jean-Robert. _922993 |
|
| 700 | 1 |
_aCarraud, Vincent. _935591 |
|
| 830 | 0 |
_aCorpus des oeuvres de philosophie en langue française _9183730 |
|
| 852 |
_aES-MaACL _jL-11894 |
||
| 942 | _2udc | ||
| 999 |
_c55564 _d55564 |
||